| 000 | 00780cab a2200241 4500 | ||
|---|---|---|---|
| 001 | WB3012-23 | ||
| 008 | 090401t1994 xxu||||| |||| 00| 0 eng d | ||
| 035 | _a(Sirsi) u10742 | ||
| 041 | _aeng | ||
| 245 | _aMilitary homes to go private | ||
| 260 | _c1994 | ||
| 350 | _a0 | ||
| 490 |
_aFinancial Times _v24 March 1994, 9(1) |
||
| 520 | _aMarried quarters owned by the armed forces are to be transferred to the private sector in a £500m finance lease deal which will rid the MoD of the cost of modernising and maintaining the housing stock. | ||
| 650 | _aDEFENCE ESTATE | ||
| 650 | _aFINANCE LEASES | ||
| 650 | _aHOUSING STOCK | ||
| 650 | _aHOUSING TRUSTS | ||
| 650 | _aSERVICE ACCOMMODATION | ||
| 690 |
_aBlock management _96220 |
||
| 942 | _n0 | ||
| 948 | _c04/03/1997 | ||
| 999 |
_c6825 _d6825 |
||